[Event "Reykjavik Taflfelag op"]
[Site "Reykjavik"]
[Date "2019.11.20"]
[Round "6"]
[White "Briem, Hedinn Sveinn Baldu"]
[Black "Fridthofsson, Sigurjon Thor"]
[Result "0-1"]
[WhiteElo "1650"]
[BlackElo "1789"]
[PlyCount "100"]
[EventDate "2019.10.16"]
[EventType "swiss"]
[EventRounds "7"]
[EventCountry "ISL"]
[SourceTitle "CBM 193 Extra"]
[Source "ChessBase"]
[SourceDate "2020.01.31"]
[SourceVersion "1"]
[SourceVersionDate "2020.01.31"]
[SourceQuality "1"]

1. Nf3 e6 2. c4 f5 3. g3 Nf6 4. Bg2 Be7 5. Nc3 0-0 6. b3 Ne4 7. Nxe4 fxe4 8. Ng1 Bc5 9. Nh3 Qf6 10. 0-0 Qxa1 11. Qc2 Qf6 12. Bxe4 g6 13. d4 Bxd4 14. Bg5 Qf7 15. Nf4 Nc6 16. Qd3 Bf6 17. Bxf6 Qxf6 18. h4 Ne7 19. h5 Nf5 20. hxg6 hxg6 21. Kg2 Kg7 22. Rh1 Rh8 23. Rxh8 Kxh8 24. g4 Nh4+ 25. Kg3 g5 26. Nh5 Qf8 27. Qd4+ Kg8 28. f4 d6 29. fxg5 e5 30. Qd5+ Qf7 31. Qxf7+ Kxf7 32. Kxh4 c6 33. g6+ Ke7 34. Kg5 Be6 35. Bf5 Bg8 36. Nf6 d5 37. Nxg8+ Rxg8 38. Kh6 Rh8+ 39. Kg7 Rh4 40. Kg8 e4 41. g7 d4 42. c5 d3 43. exd3 e3 44. g5 e2 45. Bh7 e1Q 46. g6 Qe6+ 47. Kh8 Qf6 48. a3 Rd4 49. b4 Rd8+ 50. Bg8 Qh4# 0-1

[Event "Reykjavik Congress"]
[Site "Reykjavik"]
[Date "2019.01.30"]
[Round "8"]
[White "Vignisson, Ingvar Egill"]
[Black "Briem, Hedinn Sveinn Baldu"]
[Result "1/2-1/2"]
[WhiteElo "1660"]
[BlackElo "1617"]
[PlyCount "147"]
[EventDate "2019.01.06"]
[EventType "swiss"]
[EventRounds "9"]
[EventCountry "ISL"]
[SourceTitle "CBM 188 Extra"]
[Source "ChessBase"]
[SourceDate "2019.02.26"]
[SourceVersion "1"]
[SourceVersionDate "2019.02.26"]
[SourceQuality "1"]

1. e4 c5 2. Nf3 Nc6 3. d4 cxd4 4. Nxd4 g6 5. Nc3 Bg7 6. Be3 Nf6 7. Qd2 Ng4 8. Nxc6 bxc6 9. Bd4 Bxd4 10. Qxd4 0-0 11. Bc4 Qb6 12. Qxb6 axb6 13. 0-0 Ba6 14. Be2 Bxe2 15. Nxe2 Ne5 16. a4 d5 17. exd5 cxd5 18. Rfd1 e6 19. b3 Rfc8 20. c3 Nd7 21. c4 Nf6 22. cxd5 Nxd5 23. Rac1 Kf8 24. Kf1 Ke7 25. Ke1 Nb4 26. Kd2 Rd8+ 27. Ke3 Nd5+ 28. Kf3 Rac8 29. Nd4 Rxc1 30. Rxc1 Kd6 31. g4 f6 32. Rc6+ Ke5 33. Nxe6 Rd6 34. Rxd6 Kxd6 35. Nd4 Kc5 36. Nc2 Nb4 37. Ne3 Nd3 38. Nf1 Kb4 39. Nd2 Ne5+ 40. Kg3 Kc3 41. Ne4+ Kxb3 42. Nxf6 Kxa4 43. Nxh7 b5 44. Nf6 Kb3 45. f4 Nf7 46. Kf3 Kc4 47. Ke3 Nd6 48. Kd2 Kd4 49. f5 gxf5 50. g5 Nc4+ 51. Kc2 Ne5 52. h4 f4 53. Nh5 Ng6 54. Nf6 Nxh4 55. Ng4 Ng6 56. Kb3 Ke4 57. Kb4 Kf5 58. Nh2 Kxg5 59. Kxb5 Kf5 60. Kc4 Ke4 61. Nf1 Nh4 62. Kc3 Nf3 63. Kc2 Kd4 64. Nd2 Ke3 65. Nc4+ Ke2 66. Kc3 Ng5 67. Nd2 Ne6 68. Nb3 f3 69. Nc1+ Ke3 70. Nd3 Nf4 71. Ne5 Nd5+ 72. Kc4 f2 73. Ng4+ Ke2 74. Nxf2 1/2-1/2

[Event "Reykjavik Congress"]
[Site "Reykjavik"]
[Date "2018.02.04"]
[Round "8"]
[White "Briem, Hedinn Sveinn Baldu"]
[Black "Magnusson, Thorsteinn"]
[Result "1-0"]
[WhiteElo "1613"]
[BlackElo "1425"]
[PlyCount "67"]
[EventDate "2018.01.10"]
[EventType "swiss"]
[EventRounds "9"]
[EventCountry "ISL"]
[SourceTitle "CBM 182 Extra"]
[Source "ChessBase"]
[SourceDate "2018.02.23"]
[SourceVersion "1"]
[SourceVersionDate "2018.02.23"]
[SourceQuality "1"]

1. d4 d5 2. c4 c6 3. Nf3 Nf6 4. Nc3 e6 5. e3 Nbd7 6. Bd3 dxc4 7. Bxc4 b5 8. Bd3 Bb7 9. 0-0 a6 10. Re1 c5 11. e4 cxd4 12. e5 dxc3 13. exf6 Qxf6 14. Nd4 Qxd4 15. Rxe6+ Be7 16. Bg5 Qd5 17. Rxe7+ Kf8 18. Qg4 Ne5 19. Rxe5 Qxe5 20. bxc3 Bc8 21. Qb4+ Kg8 22. Be3 Bf5 23. Bf1 h6 24. Bd4 Qd5 25. Re1 Kh7 26. Re5 Qd7 27. Re7 Qd5 28. Re5 Qd7 29. Re7 a5 30. Rxd7 axb4 31. Rxf7 Kg6 32. Rxg7+ Kh5 33. Be2+ Kh4 34. Bf6# 1-0

[Event "Reykjavik Congress"]
[Site "Reykjavik"]
[Date "2018.01.31"]
[Round "7"]
[White "Mai, Alexander Oliver"]
[Black "Briem, Hedinn Sveinn Baldu"]
[Result "1-0"]
[WhiteElo "1970"]
[BlackElo "1613"]
[PlyCount "53"]
[EventDate "2018.01.10"]
[EventType "swiss"]
[EventRounds "9"]
[EventCountry "ISL"]
[SourceTitle "CBM 182 Extra"]
[Source "ChessBase"]
[SourceDate "2018.02.23"]
[SourceVersion "1"]
[SourceVersionDate "2018.02.23"]
[SourceQuality "1"]

1. Nf3 d5 2. g3 g6 3. Bg2 Bg7 4. 0-0 Nf6 5. d3 0-0 6. Nbd2 c5 7. e4 e6 8. Re1 Nc6 9. exd5 exd5 10. d4 b6 11. dxc5 bxc5 12. Nb3 Qb6 13. c3 Na5 14. Nxa5 Qxa5 15. Bd2 Bb7 16. Qc2 Rac8 17. Bf4 Qb6 18. Be5 d4 19. Rad1 dxc3 20. Bxc3 Rfe8 21. a3 Rcd8 22. Rxd8 Qxd8 23. Rd1 Qb6 24. Qc1 Re2 25. Qf4 Re8 26. Rd6 Qb3 27. Bxf6 1-0

[Event "Reykjavik Congress"]
[Site "Reykjavik"]
[Date "2018.01.28"]
[Round "6"]
[White "Briem, Hedinn Sveinn Baldu"]
[Black "Gunnlaugsson, Arnor"]
[Result "1-0"]
[WhiteElo "1613"]
[BlackElo "1229"]
[PlyCount "89"]
[EventDate "2018.01.10"]
[EventType "swiss"]
[EventRounds "9"]
[EventCountry "ISL"]
[SourceTitle "CBM 182 Extra"]
[Source "ChessBase"]
[SourceDate "2018.02.23"]
[SourceVersion "1"]
[SourceVersionDate "2018.02.23"]
[SourceQuality "1"]

1. d4 d5 2. Nf3 Nf6 3. Bg5 Nbd7 4. e3 e6 5. Bd3 Be7 6. 0-0 b6 7. c3 Bb7 8. Nbd2 0-0 9. Qe2 c5 10. Rac1 Rc8 11. Bxf6 Nxf6 12. Ne5 Qc7 13. f4 Bd6 14. g4 Bxe5 15. fxe5 Ne4 16. Rf4 Ng5 17. Qg2 cxd4 18. exd4 f6 19. Re1 fxe5 20. Rxf8+ Rxf8 21. Rxe5 h6 22. h4 Nf7 23. Rxe6 Qf4 24. Re2 Bc8 25. Rf2 Qxg4 26. Qxg4 Bxg4 27. Nf1 Nd6 28. Bh7+ Kxh7 29. Rxf8 g5 30. Ne3 Bh5 31. hxg5 hxg5 32. Nxd5 Bf7 33. Rd8 Ne4 34. Rd7 Kg6 35. Ne7+ Kh5 36. Nf5 Bxa2 37. Rxa7 Bb1 38. Kg2 g4 39. Ng3+ Nxg3 40. Kxg3 Bf5 41. d5 b5 42. d6 Kg6 43. d7 Bxd7 44. Rxd7 Kf5 45. Rd5+ 1-0

[Event "Reykjavik Congress"]
[Site "Reykjavik"]
[Date "2018.01.24"]
[Round "5"]
[White "Kristinsson, Ogmundur"]
[Black "Briem, Hedinn Sveinn Baldu"]
[Result "1-0"]
[WhiteElo "2005"]
[BlackElo "1613"]
[PlyCount "87"]
[EventDate "2018.01.10"]
[EventType "swiss"]
[EventRounds "9"]
[EventCountry "ISL"]
[SourceTitle "CBM 182 Extra"]
[Source "ChessBase"]
[SourceDate "2018.02.23"]
[SourceVersion "1"]
[SourceVersionDate "2018.02.23"]
[SourceQuality "1"]

1. d4 Nf6 2. Bg5 Ne4 3. Bh4 g5 4. Bg3 Bg7 5. e3 c5 6. Be5 Nf6 7. d5 d6 8. Bc3 e5 9. f3 g4 10. e4 gxf3 11. Qxf3 Bg4 12. Qe3 h5 13. h3 Bh6 14. Qd3 Bd7 15. Bd2 Bxd2+ 16. Nxd2 Na6 17. Ngf3 Rg8 18. Qb3 Qb6 19. Qxb6 axb6 20. c3 b5 21. Kf2 Ke7 22. Bd3 Nc7 23. Nf1 Ra4 24. Ng3 Rxg3 25. Kxg3 Nxe4+ 26. Bxe4 Rxe4 27. Rad1 Re2 28. Rhe1 Rxb2 29. Nxe5 Rxa2 30. Nxd7+ Kxd7 31. Rf1 Ke7 32. Rf5 Ra3 33. Rdf1 Rxc3+ 34. Kh4 Ke8 35. Rxf7 Nxd5 36. Rxb7 b4 37. Rff7 Re3 38. Rh7 Re4+ 39. g4 Ne7 40. Kxh5 Re3 41. h4 Re5+ 42. g5 d5 43. Kg4 Re6 44. h5 1-0

[Event "Reykjavik TR U2000 op"]
[Site "Reykjavik"]
[Date "2017.11.22"]
[Round "6"]
[White "Briem, Hedinn Sveinn Baldu"]
[Black "Gudmundsson, Gunnar Erik"]
[Result "1/2-1/2"]
[WhiteElo "1624"]
[BlackElo "1361"]
[PlyCount "80"]
[EventDate "2017.10.11"]
[EventType "swiss"]
[EventRounds "7"]
[EventCountry "ISL"]
[SourceTitle "CBM 181 Extra"]
[Source "ChessBase"]
[SourceDate "2017.12.12"]
[SourceVersion "1"]
[SourceVersionDate "2017.12.12"]
[SourceQuality "1"]

1. d4 Nf6 2. Bg5 e6 3. e4 h6 4. Bxf6 Qxf6 5. Nf3 d6 6. Bd3 g6 7. 0-0 Bg7 8. e5 Qe7 9. Nbd2 Nd7 10. Re1 0-0 11. Qe2 b6 12. Qe4 Rb8 13. Qg4 b5 14. h4 h5 15. Qg3 Qe8 16. exd6 cxd6 17. Qxd6 Rb6 18. Qg3 Nf6 19. Ne4 Nd5 20. c3 Qd8 21. Ne5 Ne7 22. Nc5 Qd6 23. Ne4 Qd8 24. Qf3 Bb7 25. Qe2 Qd5 26. Nf3 Rd8 27. Nc5 Bc6 28. Be4 Qd6 29. Bxc6 Qxc6 30. Ne5 Qd5 31. Qf3 Qxf3 32. Nxf3 Bf8 33. a4 b4 34. a5 Rbb8 35. a6 Nd5 36. Nb7 Rdc8 37. c4 Rxc4 38. Rac1 Rbc8 39. Nc5 Rxc1 40. Rxc1 Nf4 1/2-1/2

[Event "Reykjavik TR U2000 op"]
[Site "Reykjavik"]
[Date "2017.10.11"]
[Round "1"]
[White "Steinthorsson, Birgir Logi"]
[Black "Briem, Hedinn Sveinn Baldu"]
[Result "0-1"]
[WhiteElo "1070"]
[BlackElo "1624"]
[PlyCount "60"]
[EventDate "2017.10.11"]
[EventType "swiss"]
[EventRounds "7"]
[EventCountry "ISL"]
[SourceTitle "CBM 181 Extra"]
[Source "ChessBase"]
[SourceDate "2017.12.12"]
[SourceVersion "1"]
[SourceVersionDate "2017.12.12"]
[SourceQuality "1"]

1. d4 Nf6 2. Nf3 d5 3. Bf4 e6 4. e3 Bd6 5. Ne5 Nbd7 6. f3 0-0 7. Nxd7 Bxd7 8. Bxd6 cxd6 9. Nd2 e5 10. Nb3 Re8 11. Be2 Qe7 12. Kf2 Rac8 13. Rc1 b5 14. Qd2 Nh5 15. Rhe1 e4 16. fxe4 Nf6 17. Kg1 Nxe4 18. Qb4 Qh4 19. Rf1 Qg5 20. Bf3 Qxe3+ 21. Kh1 Ng3+ 22. hxg3 Re6 23. Bh5 Rh6 24. g4 Bxg4 25. Rf5 Bxf5 26. g4 Be4+ 27. Kh2 Qf2+ 28. Kh3 Bg2+ 29. Kh2 Bf1+ 30. Kh1 Qg2# 0-1